Evaluación del recurso hídrico en el Cantón de Aserrí

Сохранить в:
Библиографические подробности
Главный автор: Lozano Escobedo, Emma
Формат:
Опубликовано: San José, C.R. 2001
Предметы:
Метки: Добавить метку
Нет меток, Требуется 1-ая метка записи!

MARC

LEADER 00000nam a2200000Ia 4500
003 008740
005 20221231144201.0
008 140114s2001 cr a m 000 ||s d
040 |c cru CEDI 
090 |a TFG 4326 
100 |a Lozano Escobedo, Emma  |9 7766 
245 |a Evaluación del recurso hídrico en el Cantón de Aserrí  
260 |c 2001  |a  San José, C.R. 
300 |a vi, 111 hojas : ilustraciones , mapas  
500 |a  Tesis (licenciatura en ingeniería civil)--Universidad de Costa Rica. Facultad de Ingeniería. Escuela de Ingeniería Civil 
650 |x RECURSOS HIDRICOS   |x  EVALUACION   |x CUENCAS HIDROGRAFICAS   |x AGUA POTABLE   |x SISTEMAS DE INFORMACION GEOGRAFICA  |9 7767 
942 |c TFG 
999 |c 18112  |d 18112